Rgveda mandala VII. (Record no. 61287)

MARC details
000 -LEADER
fixed length control field 00823cam a22002531 4500
001 - CONTROL NUMBER
control field sa 64009163
003 - CONTROL NUMBER IDENTIFIER
control field DLC
005 - DATE AND TIME OF LATEST TRANSACTION
control field 20260227112059.0
008 - FIXED-LENGTH DATA ELEMENTS--GENERAL INFORMATION
fixed length control field 741014s1963 ii 000 0 eng
010 ## - LIBRARY OF CONGRESS CONTROL NUMBER
LC control number sa 64009163
025 ## - OVERSEAS ACQUISITION NUMBER
Overseas acquisition number I-San-227
035 ## - SYSTEM CONTROL NUMBER
System control number (OCoLC)1039543
040 ## - CATALOGING SOURCE
Original cataloging agency DLC
Transcribing agency TxShA
Modifying agency NSyU
-- DLC
041 1# - LANGUAGE CODE
Language code of text/sound track or separate title engind
042 ## - AUTHENTICATION CODE
Authentication code premarc
050 00 - LIBRARY OF CONGRESS CALL NUMBER
Classification number PK3012
Item number .V4
130 0# - MAIN ENTRY--UNIFORM TITLE
Uniform title Vedas.
Name of part/section of a work R̥gveda.
Form subheading Selections.
245 10 - TITLE STATEMENT
Title Rgveda mandala VII.
Statement of responsibility, etc. Introd., Devanāgarī text. English translation, critical notes, select glossary and three indices, by H. D. Velankar.
250 ## - EDITION STATEMENT
Edition statement [1st. ed.]
260 ## - PUBLICATION, DISTRIBUTION, ETC.
Place of publication, distribution, etc. Bombay,
Name of publisher, distributor, etc. Bharatiya Vidya Bhavan,
Date of publication, distribution, etc. 1963.
300 ## - PHYSICAL DESCRIPTION
Extent vi, xxxii, 80, 285 p.
Dimensions 25 cm.
440 #0 - SERIES STATEMENT/ADDED ENTRY--TITLE
Title Bharatiya vidya series,
Volume/sequential designation v. 23
700 1# - ADDED ENTRY--PERSONAL NAME
Personal name Velankar, H. D.
Fuller form of name (Hari Damodar),
Dates associated with a name 1893-1967,
Relator term ed.

No items available.

Powered by Koha